Ebersole & Hess' toward healthy aging : (Record no. 2760)

MARC details
000 -LEADER
fixed length control field 02124cam a22003017i 4500
008 - FIXED-LENGTH DATA ELEMENTS--GENERAL INFORMATION
fixed length control field 190720t20202020moua b 001 0 eng c
020 ## - INTERNATIONAL STANDARD BOOK NUMBER
ISBN 9780323554220
020 ## - INTERNATIONAL STANDARD BOOK NUMBER
ISBN 0323554229
245 00 - TITLE STATEMENT
Title Ebersole & Hess' toward healthy aging :
Remainder of title human needs & nursing response /
Statement of responsibility, etc Theris A. Touhy, DNP, CNS, DPNAP, Emeritus Professor, Christine E. Lynn College of Nursing, Florida Atlantic University, Boca Raton, Florida, Kathleen Jett, PhD, GNP-BC, Gerontological Nurse Practitioner, Clinic Coordinator UF Health Senior Care Clinic at Oak Hammock, Department of Aging and Geriatric Research, University of Florida, College of Medicine, Gainesville, Florida.
250 ## - EDITION STATEMENT
Edition statement Tenth edition.
260 ## - PUBLICATION, DISTRIBUTION, ETC. (IMPRINT)
Place of publication U.S
Name of publisher Elsevier
Date of publication 2020
300 ## - COLLATION
Pagination xiii, 521 pages :
Other physical details illustrations (some color) ;
520 ## - SUMMARY, ETC.
Summary, etc "Ebersole & Hess' Toward Healthy Aging, 10th Edition" is the only comprehensive gerontological nursing text that effectively communicates how to provide holistic care, promote healthy lives, and address end-of-life issues and concerns. It covers the areas of safety and ethical considerations, genetics, communication with the patient and caregiver, promoting health in persons with conditions commonly occurring in later-life world-wide addressing loss and palliative care and much more. Special sections provide an honest look at the universal experience of aging and the nurse's role in the reduction of health disparities and inequities as a member of the global community. Plus, it contains a variety of new learning features that focus on applying research and thinking critically in when providing care to aging adults across the care continuum. -- From product description.
650 #0 - TRACINGS
Main Subject Geriatric nursing.
650 #0 - TRACINGS
Main Subject Aging.
650 #0 - TRACINGS
Main Subject Older people
Subdivision (2nd) Health and hygiene.
650 12 - TRACINGS
Main Subject Geriatric Nursing.
650 22 - TRACINGS
Main Subject Aging.
650 22 - TRACINGS
Main Subject Health Promotion.
650 22 - TRACINGS
Main Subject Aged.
650 #7 - TRACINGS
Main Subject Aging.
650 #7 - TRACINGS
Main Subject Geriatric nursing.
650 #7 - TRACINGS
Main Subject Older people
Subdivision (2nd) Health and hygiene.
700 1# - ADDITIONAL AUTHOR
Additional Author Touhy, Theris A.,
700 1# - ADDITIONAL AUTHOR
Additional Author Jett, Kathleen Freudenberger,
942 ## - ADDED ENTRY ELEMENTS (KOHA)
Item type Books
050 00 - LIBRARY OF CONGRESS CALL NUMBER
Classification number RC954
Item number .E23 2020
Holdings
Source of classification or shelving scheme Not for loan Permanent location Current location Date acquired Accession No. Full call number Barcode. Koha item type
Library of Congress Classification   Medical Library Medical Library 03/27/2025 2024/64059 RC954.E23 2025-1061 Books